1815 1492 1879 1130 1719 1696 1061 1071 1308 1095 1843 1196 1401 1347 1665 1371 1476 1958 1489 1467 1698 1986 1553 1626 1376 1731 1937 1548 1164 1229 1409 1309 1465 1240 1355 1161 1870 1812 1204 1284 1159 1800 1942 1433 1243 1935 1264 1538 1510 1683 1484 1917 1992 1776 1165 1776 1073 1420 1924 1120 1517 1820 1298 1510 1134 1673 1036 1972 1318 1223 1806 1809 1575 1894 1083 1666 1068 1381 1843 1174 1083 1595 1437 1147 1312 1240 1369 1997 1278 1443 1904 1963 1595 1338 1235 1414 1360 1438 1575 BCNSPRNW ULIB Ver.6.0+V

เปลี่ยนเป็นภาษาไทย

Change to English
 แสดงรายละเอียดบรรณานุกรม
  กลับหน้าหลัก

Brief Record : Get Marc (ISO 2709) : E-mail record : QR code < ปิดหน้าต่าง
LEADER : 00000nam 2200000uu 4500
001    13399111693
003     ULIB
008    110706s2554||||th 000 0 tha d
020    9786165001380
090    นว.^bล258ด 2554
100 0   ลัลล์ลลิล
245 00  ดวงใจแห่งโรม/^cลัลล์ลลิล
260    กรุงเทพฯ :^bพิมพ์คำ,^c2554
300    552 หน้า
945    ^p300^l0^i18286
995     เกษร
999     ^aใช้งานได้ทุกระบบ
รายการนี้ยังไม่มีแท็ก
คุณยังไม่ได้ล็อกอิน คุณสามารถมีกิจกรรมร่วมกับเว็บไซต์ได้ แต่ต้องล็อกอินก่อน ::
  ล็อกอิน

รายการสื่อสารสนเทศ

ลำดับที่ ประเภท เลขเรียก/บาร์โค้ด สถานที่ สถานะ
1. วิทยาศาสตร์การแพทย์ และสุขภาพ
วิทยาศาสตร์การแพทย์ และสุขภาพ
นว. ล258ด 2554  
  Barcode: 18286
ห้องสมุดวิทยาเขตสวรรค์ประชารักษ์
►นวนิยาย
บนชั้น
  ขอยืม

รายการใกล้เคียง
    ผู้แต่ง [ลัลล์ลลิล]

BibComment


ยังไม่เคยถูกคอมเมนท์

คอมเมนท์ทรัพยากรรายการนี้
  คอมเมนท์: ดวงใจแห่งโรม ลัล..


 Copyright 2026. Bcnsprnw @Library